000 00437nam a2200181Ia 4500
001 10129
005 20260306161809.0
008 260306t1984||||xx |||||||||||||| ||spa||
041 _aESP
082 _a901
_bF43
100 _aFerrater Mora, José.
_eAUT
245 0 _aCuatro visiones de la historia universal
260 _c1984
300 _a107 páginas :
_c18 cm.
650 _aGEN
654 _aCHU
942 _cLIB
_dJUS
_fJUS
_2ddc
_n
999 _c10129
_d10129